000 00627nam a2200229Ia 4500
003 OSt
005 20221007075229.0
006 a|||||r|||| 00| 0
007 ta
008 221006b |||||||| |||| 00| 0 eng d
024 _a12,301
037 _cTextual
040 _aFLL
_cFLL
_beng
041 _2eng
_aeng
082 _aV2:91.N8, M0
100 _aMehrotra N.C. Au.
_9693680
245 0 _aPolitical crises and polls in india
260 _aNew Delhi
_bDeep and deep publications India
_c1980
300 _a148p
_ccm.
942 _hV2:91.N8, M0
_cTEXL
_2CC
999 _c1155266
_d1155266